00545nam a2200181 a 4500020001800000082001700018100002100035245003200056260003500088300000900123500003500132505002400167650003300191700002100224942000700245952009600252999001500348 a0225369 00a225.924bBRO aBrown, Raymond E aPeter in the New Testament. aLondonbGeoffrey Chapmanc1974 a181p aincludes index and biblioraphy2 aIndex, Bibliography aSaints-Christianity-St.Peter1 aBrown, Raymond E cBK 00104070aHMIbHMId2007-06-20g16.50l0o225.924 BROp07990r2007-06-20w2026-01-16yBK c2997d2997